|
|
|
|
| LEADER |
01322nam a22002291 4500 |
| 001 |
c000356132 |
| 003 |
CARM |
| 005 |
00000000000000.0 |
| 008 |
851029m18971898xra 00000 eng d |
| 019 |
1 |
|
|a 9279243
|z 4021748
|5 LACONCORD2021
|
| 035 |
|
|
|a (OCoLC)221357040
|5 LACONCORD2021
|
| 110 |
1 |
0 |
|a Australia.
|b Constitutional Convention
|d (1897)
|c (Adelaide, S. Aust.)
|
| 245 |
1 |
0 |
|a Official record :
|b of the debates of the Australasian Federal Convention.
|
| 260 |
|
|
|a Adel. :
|b Govt. Pr.,
|c 1897,
|c 1898.
|
| 300 |
|
|
|a 3 vol. in 4.
|
| 505 |
0 |
|
|a (Vol.1,) Official report of the National Australasian Convention debates, (first session), Adelaide, March 22 to May 5, 1897. (Vol.2,) Official record of the debates of the Australasian Federal Convention, second session, Sydney, 2nd to 24th September, 1897. (Vol.3, pt.1-2,) Official record of the debates of the Australasian Federal Convention, third session, Melbourne, 20th January to 17th March, 1898.
|
| 610 |
1 |
0 |
|a Australia.
|t Constitution.
|
| 710 |
1 |
|
|a Australia.
|b Constitutional Convention
|d (1897)
|c (Sydney, N.S.W.)
|
| 852 |
8 |
|
|b CARM
|h A1:AL14D0
|i C10401
|p 0452467
|f BK
|
| 082 |
0 |
4 |
|a 342.94
|
| 999 |
f |
f |
|i e7e22e01-50a9-575e-aaa9-7dc0d169e470
|s 1e08c314-6497-516c-8319-a059a55710dc
|
| 952 |
f |
f |
|p Can circulate
|a CAVAL
|b CAVAL
|c CAVAL
|d CARM 1 Store
|e C10401
|f A1:AL14D0
|h Other scheme
|i book
|m 0452467
|